<?xml version="1.0" encoding="UTF-8"?>
<record
    xmlns:xsi="http://www.w3.org/2001/XMLSchema-instance"
    xsi:schemaLocation="http://www.loc.gov/MARC21/slim http://www.loc.gov/standards/marcxml/schema/MARC21slim.xsd"
    xmlns="http://www.loc.gov/MARC21/slim">

  <leader>01602nam a22002774a 4500</leader>
  <controlfield tag="001">UTEA</controlfield>
  <controlfield tag="005">20251001091034.0</controlfield>
  <controlfield tag="006">g||||gr||||||01 nz</controlfield>
  <controlfield tag="007">ta</controlfield>
  <controlfield tag="008">250930b        es ||||| |||| 00| 0 spa d</controlfield>
  <datafield tag="020" ind1=" " ind2=" ">
    <subfield code="a">9788436273816</subfield>
  </datafield>
  <datafield tag="040" ind1=" " ind2=" ">
    <subfield code="a">UTEA</subfield>
  </datafield>
  <datafield tag="041" ind1=" " ind2=" ">
    <subfield code="a">spa</subfield>
  </datafield>
  <datafield tag="082" ind1=" " ind2=" ">
    <subfield code="a">628.52</subfield>
    <subfield code="b">M96 2018</subfield>
  </datafield>
  <datafield tag="100" ind1=" " ind2=" ">
    <subfield code="a">Mu&#xF1;oz Camacho, Eugenio</subfield>
    <subfield code="e">Autor</subfield>
  </datafield>
  <datafield tag="245" ind1=" " ind2=" ">
    <subfield code="a">Ingenier&#xED;a del medio ambiente / </subfield>
    <subfield code="c">Eugenio Mu&#xF1;oz Camacho</subfield>
    <subfield code="h">[Texto Impreso] </subfield>
  </datafield>
  <datafield tag="250" ind1=" " ind2=" ">
    <subfield code="a">Primera edici&#xF3;n</subfield>
  </datafield>
  <datafield tag="260" ind1=" " ind2=" ">
    <subfield code="a">Espa&#xF1;a</subfield>
    <subfield code="b">Editorial Masquelibros S.L. </subfield>
    <subfield code="c">2018</subfield>
  </datafield>
  <datafield tag="300" ind1=" " ind2=" ">
    <subfield code="a">467 paginas</subfield>
    <subfield code="b">figuras , cuadros y tablas</subfield>
    <subfield code="c">17 x 23 cm.</subfield>
  </datafield>
  <datafield tag="505" ind1=" " ind2=" ">
    <subfield code="a">Medio ambiente: conceptos, interdisciplinariedad, estado actual -- Conceptos y extensi&#xF3;n  del medio ambiente -- Problemas medioambientales pendientes -- Contaminaci&#xF3;n atmosf&#xE9;rica, la atm&#xF3;sfera y los contaminantes atmosf&#xE9;ricos -- La Atm&#xF3;sfera -- Contaminantes atmosf&#xE9;ricos -- Ejercicios de autocomprobaci&#xF3;n -- Soluciones a los ejercicios de autocomprobaci&#xF3;n -- Contaminaci&#xF3;n atmosf&#xE9;rica II. dispersi&#xF3;n de contaminantes y m&#xE9;todo de control -- El agua: estado natural. Propiedades contaminantes. an&#xE1;lisis -- Tratamiento de aguas residuales -- Residuos urbanos, industriales y radiactivos -- Contaminaci&#xF3;n por agentes f&#xED;sicos -- Gesti&#xF3;n ambiental -- Evaluaci&#xF3;n del impacto ambiental.    </subfield>
  </datafield>
  <datafield tag="650" ind1=" " ind2=" ">
    <subfield code="a">MEDIO AMBIENTE</subfield>
  </datafield>
  <datafield tag="650" ind1=" " ind2=" ">
    <subfield code="a">CONTAMINACI&#xD3;N ATMOSF&#xC9;RICA</subfield>
    <subfield code="9">59605</subfield>
  </datafield>
  <datafield tag="650" ind1=" " ind2=" ">
    <subfield code="a">TRATAMIENTO DE AGUAS</subfield>
    <subfield code="9">59606</subfield>
  </datafield>
  <datafield tag="700" ind1=" " ind2=" ">
    <subfield code="a">Contreras L&#xF3;pez, Alfonso, Molero Meneses Mariano</subfield>
    <subfield code="e">Coautores </subfield>
    <subfield code="9">59607</subfield>
  </datafield>
  <datafield tag="942" ind1=" " ind2=" ">
    <subfield code="2">ddc</subfield>
    <subfield code="c">BK</subfield>
    <subfield code="e">2025-09-30</subfield>
    <subfield code="z">Mag. Cecilio Flores Noa</subfield>
  </datafield>
  <datafield tag="952" ind1=" " ind2=" ">
    <subfield code="0">0</subfield>
    <subfield code="1">0</subfield>
    <subfield code="2">ddc</subfield>
    <subfield code="4">0</subfield>
    <subfield code="7">0</subfield>
    <subfield code="8">EPIAF1</subfield>
    <subfield code="a">BABA</subfield>
    <subfield code="b">BABA</subfield>
    <subfield code="c">SALA1</subfield>
    <subfield code="d">2025-09-30</subfield>
    <subfield code="e">CP</subfield>
    <subfield code="o">628.52 M96 2018</subfield>
    <subfield code="p">BABA25090480</subfield>
    <subfield code="w">2025-09-30</subfield>
    <subfield code="y">BK</subfield>
    <subfield code="k"></subfield>
  </datafield>
  <datafield tag="952" ind1=" " ind2=" ">
    <subfield code="0">0</subfield>
    <subfield code="1">0</subfield>
    <subfield code="2">ddc</subfield>
    <subfield code="4">0</subfield>
    <subfield code="7">0</subfield>
    <subfield code="8">EPIAF1</subfield>
    <subfield code="a">BCUS</subfield>
    <subfield code="b">BCUS</subfield>
    <subfield code="c">Biblioteca Puputi</subfield>
    <subfield code="d">2025-10-01</subfield>
    <subfield code="e">CP</subfield>
    <subfield code="o">628.52 M96 2014</subfield>
    <subfield code="p">BCUS25100011</subfield>
    <subfield code="t">ej.1</subfield>
    <subfield code="w">2025-10-01</subfield>
    <subfield code="y">BK</subfield>
    <subfield code="k"></subfield>
  </datafield>
  <datafield tag="952" ind1=" " ind2=" ">
    <subfield code="0">0</subfield>
    <subfield code="1">0</subfield>
    <subfield code="2">ddc</subfield>
    <subfield code="4">0</subfield>
    <subfield code="7">0</subfield>
    <subfield code="8">EPIAF1</subfield>
    <subfield code="a">BCUS</subfield>
    <subfield code="b">BCUS</subfield>
    <subfield code="c">Biblioteca Puputi</subfield>
    <subfield code="d">2025-10-01</subfield>
    <subfield code="e">CP</subfield>
    <subfield code="o">628.52 M96 2014</subfield>
    <subfield code="p">BCUS25100012</subfield>
    <subfield code="t">ej.2</subfield>
    <subfield code="w">2025-10-01</subfield>
    <subfield code="y">BK</subfield>
    <subfield code="k"></subfield>
  </datafield>
  <datafield tag="999" ind1=" " ind2=" ">
    <subfield code="c">17414</subfield>
    <subfield code="d">17414</subfield>
  </datafield>
</record>
